<?xml version="1.0" encoding="UTF-8"?><?xml-stylesheet type="text/xsl" href="static/style.xsl"?><OAI-PMH xmlns="http://www.openarchives.org/OAI/2.0/" xmlns:xsi="http://www.w3.org/2001/XMLSchema-instance" xsi:schemaLocation="http://www.openarchives.org/OAI/2.0/ http://www.openarchives.org/OAI/2.0/OAI-PMH.xsd"><responseDate>2026-04-14T05:17:25Z</responseDate><request verb="GetRecord" identifier="oai:www.recercat.cat:10256/13858" metadataPrefix="marc">https://recercat.cat/oai/request</request><GetRecord><record><header><identifier>oai:recercat.cat:10256/13858</identifier><datestamp>2024-06-13T09:55:16Z</datestamp><setSpec>com_2072_453036</setSpec><setSpec>com_2072_2054</setSpec><setSpec>col_2072_453048</setSpec></header><metadata><record xmlns="http://www.loc.gov/MARC21/slim" xmlns:dcterms="http://purl.org/dc/terms/" xmlns:xsi="http://www.w3.org/2001/XMLSchema-instance" xmlns:doc="http://www.lyncode.com/xoai" xsi:schemaLocation="http://www.loc.gov/MARC21/slim http://www.loc.gov/standards/marcxml/schema/MARC21slim.xsd">
   <leader>00925njm 22002777a 4500</leader>
   <datafield ind2=" " ind1=" " tag="042">
      <subfield code="a">dc</subfield>
   </datafield>
   <datafield ind2=" " ind1=" " tag="720">
      <subfield code="a">Meléndez i Frigola, Joaquim</subfield>
      <subfield code="e">author</subfield>
   </datafield>
   <datafield ind2=" " ind1=" " tag="720">
      <subfield code="a">Colomer Llinàs, Joan</subfield>
      <subfield code="e">author</subfield>
   </datafield>
   <datafield ind2=" " ind1=" " tag="720">
      <subfield code="a">Pous i Sabadí, Carles</subfield>
      <subfield code="e">author</subfield>
   </datafield>
   <datafield ind2=" " ind1=" " tag="720">
      <subfield code="a">Burgas Nadal, Llorenç</subfield>
      <subfield code="e">author</subfield>
   </datafield>
   <datafield ind2=" " ind1=" " tag="720">
      <subfield code="a">Massana i Raurich, Joaquim</subfield>
      <subfield code="e">author</subfield>
   </datafield>
   <datafield ind2=" " ind1=" " tag="260">
      <subfield code="c">2015-09-19</subfield>
   </datafield>
   <datafield ind2=" " ind1=" " tag="520">
      <subfield code="a">Comunicació presentada a: 11th International Conference on Artificial Intelligence Applications and Innovations (AIAI 2015) (AIAI 2015), Bayonne, France, September 14-17, 2015</subfield>
   </datafield>
   <datafield ind2=" " ind1=" " tag="520">
      <subfield code="a">The paper describes an ongoing work to define a framework to support&#xd;
monitoring procedures for distribution systems in smart cities. Specific use cases,&#xd;
involving data driven methods for energy monitoring, benchmarking and forecasting&#xd;
in urban scenarios are analysed. The objective is to identify services required&#xd;
in such framework to define the requirements of a reference architecture&#xd;
to support data-driven methods for energy efficiency monitoring and assessment.&#xd;
Use cases focus on multi-entity buildings monitoring and consumption forecasting</subfield>
   </datafield>
   <datafield ind2=" " ind1=" " tag="520">
      <subfield code="a">This work is being developed within the project, MESC- Platform for Monitoring and assessing the Efficiency of distribution systems in Smart Cities (Ref. DPI2013-47450-C2-1-R, 2014/16). Authors want to thank the organization of the Workshop SmarTABCD'15 (Workshop on Smart Technologies and Applications on Buildings, Cities and Districts, collocated with AIAI’15) to invite to present the MESC project for discussion in the context of Highly Innovative Building Control Tools Tackling the Energy Performance GAP (HIT2GAP)</subfield>
   </datafield>
   <datafield ind1="8" ind2=" " tag="024">
      <subfield code="a">http://hdl.handle.net/10256/13858</subfield>
   </datafield>
   <datafield tag="653" ind2=" " ind1=" ">
      <subfield code="a">Energia -- Consum</subfield>
   </datafield>
   <datafield tag="653" ind2=" " ind1=" ">
      <subfield code="a">Energy consumption</subfield>
   </datafield>
   <datafield ind2="0" ind1="0" tag="245">
      <subfield code="a">Towards a Data Driven Platform for Energy Efficiency Monitoring: Two Use Cases</subfield>
   </datafield>
</record></metadata></record></GetRecord></OAI-PMH>